| 000 | 00733 a2200181 4500 | ||
|---|---|---|---|
| 003 | Nust | ||
| 005 | 20230525120832.0 | ||
| 040 | _cNust | ||
| 082 | _a823,BRI | ||
| 100 |
_aBridge, Ann, _9107213 |
||
| 245 |
_aThe song in the house stories by _cAnn Bridge |
||
| 260 |
_aChatto & Windus _bLondon _c1936 |
||
| 300 |
_avii,283, p.; _billus _c19 cm |
||
| 505 | _aThe Buick Saloon (Page-1),The Song In The House (Page-31),The Record (Page-62),The Accident (Page-92),The Wooden Madonna (Page-133), The Burberry (Page-155),The Glass Of Milk (Page-189),The Beech Tree (Page-218),Pepitas Miracle (Page-225),The Station Road (Page-242),The Walk (Page-257). | ||
| 600 |
_aBridge, Ann, _9107213 |
||
| 650 |
_aStories _9107557 |
||
| 942 |
_2ddc _cBK |
||
| 999 |
_c186747 _d186747 |
||